Environmental business management : (Record no. 346176)
[ view plain ]
| 000 -LEADER | |
|---|---|
| fixed length control field | 01082cam a2200325 a 4500 |
| 001 - CONTROL NUMBER | |
| control field | 1208305 |
| 003 - CONTROL NUMBER IDENTIFIER | |
| control field | NUST |
| 005 - DATE AND TIME OF LATEST TRANSACTION | |
| control field | 20240610100751.0 |
| 008 - FIXED-LENGTH DATA ELEMENTS--GENERAL INFORMATION | |
| fixed length control field | 980918s1997 sz a b i001 0 eng d |
| 010 ## - LIBRARY OF CONGRESS CONTROL NUMBER | |
| LC control number | 98198975 |
| 020 ## - INTERNATIONAL STANDARD BOOK NUMBER | |
| International Standard Book Number | 9221095169 |
| 035 ## - SYSTEM CONTROL NUMBER | |
| System control number | (OCoLC)37349598 |
| 040 ## - CATALOGING SOURCE | |
| Original cataloging agency | DJB |
| Transcribing agency | DJB |
| Modifying agency | UIU |
| -- | DLC |
| 042 ## - AUTHENTICATION CODE | |
| Authentication code | lccopycat |
| 050 00 - LIBRARY OF CONGRESS CALL NUMBER | |
| Classification number | HD38 |
| Item number | .N655 1997 |
| 082 ## - DEWEY DECIMAL CLASSIFICATION NUMBER | |
| Classification number | 658.408 |
| Author Mark | NOR |
| 100 1# - MAIN ENTRY--PERSONAL NAME | |
| Personal name | North, Klaus. |
| 9 (RLIN) | 123137 |
| 245 10 - TITLE STATEMENT | |
| Title | Environmental business management : |
| Remainder of title | an introduction / |
| Statement of responsibility, etc. | Klaus North. |
| 250 ## - EDITION STATEMENT | |
| Edition statement | 2nd rev. ed. |
| 260 ## - PUBLICATION, DISTRIBUTION, ETC. | |
| Place of publication, distribution, etc. | Geneva : |
| Name of publisher, distributor, etc. | International Labour Office, |
| Date of publication, distribution, etc. | 1997. |
| 300 ## - PHYSICAL DESCRIPTION | |
| Extent | vii, 204 p. : |
| Other physical details | ill. ; |
| Dimensions | 24 cm. |
| 440 #0 - SERIES STATEMENT/ADDED ENTRY--TITLE | |
| Title | Management development series, |
| International Standard Serial Number | 0074-6703 ; |
| Volume/sequential designation | no. 30 |
| 9 (RLIN) | 123391 |
| 504 ## - BIBLIOGRAPHY, ETC. NOTE | |
| Bibliography, etc. note | Includes bibliographical references (p. 167-172) and index. |
| 650 #0 - SUBJECT ADDED ENTRY--TOPICAL TERM | |
| Topical term or geographic name entry element | Industrial management |
| General subdivision | Environmental aspects. |
| 9 (RLIN) | 6431 |
| 650 #0 - SUBJECT ADDED ENTRY--TOPICAL TERM | |
| Topical term or geographic name entry element | Green movement. |
| 9 (RLIN) | 106551 |
| 650 #0 - SUBJECT ADDED ENTRY--TOPICAL TERM | |
| Topical term or geographic name entry element | Sustainable development. |
| 906 ## - LOCAL DATA ELEMENT F, LDF (RLIN) | |
| a | 7 |
| b | cbc |
| c | copycat |
| d | 3 |
| e | ncip |
| f | 19 |
| g | y-gencatlg |
| 942 ## - ADDED ENTRY ELEMENTS (KOHA) | |
| Source of classification or shelving scheme | |
| Koha item type | Book |
| Withdrawn status | Lost status | Damaged status | Not for loan | Permanent Location | Current Location | Date acquired | Total Checkouts | Full call number | Barcode | Date last seen | Price effective from | Koha item type | Public note |
|---|---|---|---|---|---|---|---|---|---|---|---|---|---|
| Central Library (CL) | Central Library (CL) | 08/28/2013 | 658.408 NOR | NBS2683 | 08/28/2013 | 08/28/2013 | Book | ||||||
| Write Off | Central Library (CL) | Central Library (CL) | 08/28/2013 | 658.408 NOR | NBS2682 | 08/28/2013 | 08/28/2013 | Book | No. 0908/NBS/IRC Dated: 12 June, 2012 |
